[Event "FIDE World Senior Team Championship 2020"]
[Site "Olympik hotel, Sokolovska 138, Prague"]
[Date "2020.03.08"]
[Round "3.7.4"]
[White "Just, Pavel"]
[Black "Dalling, Peter"]
[Result "1/2-1/2"]
[WhiteElo "1954"]
[BlackElo "1817"]
[PlyCount "30"]
[WhiteTeam "CZE5"]
[BlackTeam "SWE2"]
[EventDate "2020.03.06"]

1. e4 e5 2. Nf3 Nf6 3. Nc3 Nc6 4. Bb5 Nd4 5. Ba4 Bc5 6. Nxe5 O-O 7. Nd3 Bb6 8.
e5 Ne8 9. O-O d5 10. exd6 Qxd6 11. Qe1 Bf5 12. Qe5 Qg6 13. Qg3 Qxg3 14. hxg3
Bxd3 15. cxd3 Nf6 1/2-1/2

[Event "FIDE World Senior Team Championship 2020"]
[Site "Olympik hotel, Sokolovska 138, Prague"]
[Date "2020.03.08"]
[Round "3.8.1"]
[White "Pribyl, Josef"]
[Black "Uddenfeldt, Dan"]
[Result "1/2-1/2"]
[WhiteElo "2225"]
[BlackElo "2320"]
[PlyCount "43"]
[WhiteTeam "CZE2"]
[BlackTeam "SWE1"]
[EventDate "2020.03.06"]

1. e4 e5 2. Nf3 Nc6 3. d4 exd4 4. Nxd4 Nf6 5. Nxc6 bxc6 6. Bd3 d5 7. exd5 cxd5
8. O-O Be7 9. Nc3 O-O 10. Bf4 Bb7 11. Re1 h6 12. Qf3 Bd6 13. Rad1 c5 14. Bf1
Bxf4 15. Qxf4 Qa5 16. Qa4 Qb6 17. Qb5 Bc6 18. Qxb6 axb6 19. a3 d4 20. Nb1 Rfe8
21. Rxe8+ Rxe8 22. c3 1/2-1/2

[Event "FIDE World Senior Team Championship 2020"]
[Site "Olympik hotel, Sokolovska 138, Prague"]
[Date "2020.03.08"]
[Round "3.8.2"]
[White "Renman, Nils-Gustaf"]
[Black "Jurek, Josef"]
[Result "1-0"]
[WhiteElo "2307"]
[BlackElo "2254"]
[PlyCount "85"]
[WhiteTeam "SWE1"]
[BlackTeam "CZE2"]
[EventDate "2020.03.06"]

1. d4 Nf6 2. c4 e6 3. Nf3 b6 4. g3 Ba6 5. Qc2 Bb7 6. Bg2 c5 7. d5 exd5 8. cxd5
Nxd5 9. O-O Be7 10. Rd1 Nc6 11. Qf5 Nf6 12. e4 g6 13. Qf4 O-O 14. e5 Nh5 15.
Qg4 Qb8 16. Nc3 Re8 17. Nd5 Bf8 18. Bf4 Bg7 19. Nf6+ Bxf6 20. exf6 Nxf4 21.
gxf4 Re6 22. Qh4 Nd4 23. Nxd4 cxd4 24. f5 Rd6 25. fxg6 hxg6 26. Qh6 Rxf6 27.
Rxd4 Rf5 28. Rh4 Rh5 29. Rxh5 gxh5 30. Qg5+ Kf8 31. Qxh5 Bxg2 32. Re1 Kg7 33.
Qg5+ Kh7 34. Re3 Qd6 35. Qh5+ Kg7 36. Rg3+ Qxg3 37. fxg3 Bc6 38. Qg5+ Kf8 39.
h4 Re8 40. h5 Be4 41. h6 Bg6 42. Qf6 Re6 43. Qd8+ 1-0

[Event "FIDE World Senior Team Championship 2020"]
[Site "Olympik hotel, Sokolovska 138, Prague"]
[Date "2020.03.08"]
[Round "3.8.3"]
[White "Michenka, Jozef"]
[Black "Hammar, Bengt"]
[Result "1-0"]
[WhiteElo "2291"]
[BlackElo "2142"]
[PlyCount "62"]
[WhiteTeam "CZE2"]
[BlackTeam "SWE1"]
[EventDate "2020.03.06"]

1. d4 Nf6 2. c4 g6 3. Nc3 Bg7 4. e4 d6 5. Bd3 O-O 6. h3 c5 7. d5 e6 8. Nf3 exd5
9. exd5 Re8+ 10. Be3 Bh6 11. O-O Bxe3 12. fxe3 Qe7 13. e4 a6 14. Qd2 Kg7 15.
Rf2 Nfd7 16. Raf1 Rf8 17. Na4 b6 18. e5 Nxe5 19. Nxe5 dxe5 20. Nxb6 Ra7 21.
Nxc8 Rxc8 22. Rxf7+ Qxf7 23. Rxf7+ Rxf7 24. Qa5 Nd7 25. Qxa6 Re8 26. Be4 Nf6
27. Qc6 Rb8 28. d6 Rxb2 29. Bd5 Rd7 30. Be6 Rdb7 31. d7 Rb8 1-0

[Event "FIDE World Senior Team Championship 2020"]
[Site "Olympik hotel, Sokolovska 138, Prague"]
[Date "2020.03.08"]
[Round "3.8.4"]
[White "Malmdin, Nils-Ake"]
[Black "Cesal, Jaroslav"]
[Result "0-1"]
[WhiteElo "2168"]
[BlackElo "2136"]
[PlyCount "118"]
[WhiteTeam "SWE1"]
[BlackTeam "CZE2"]
[EventDate "2020.03.06"]

1. e4 g6 2. d4 Bg7 3. Nc3 d6 4. Bf4 Nc6 5. Bb5 a6 6. Bxc6+ bxc6 7. Qd2 Rb8 8.
O-O-O Nf6 9. f3 h5 10. h4 Nd7 11. Nge2 c5 12. e5 Bb7 13. exd6 cxd6 14. Qe3 cxd4
15. Nxd4 O-O 16. Bh6 Ne5 17. Bxg7 Kxg7 18. Qg5 e6 19. Qxd8 Rfxd8 20. b3 Rdc8
21. Nde2 d5 22. Rd4 Rc7 23. Nd1 Nc6 24. Rd2 a5 25. Nd4 Ba6 26. Re1 Kf6 27. g3
Nb4 28. Kb2 e5 29. a3 exd4 30. axb4 Rxb4 31. Nf2 Rc3 32. Ra1 Rxf3 33. Rxa5 Bb7
34. Nd3 Rb6 35. Nf4 Ke5 36. Ne2 Rf2 37. Ra1 Re6 38. Rad1 Kd6 39. Nxd4 Rxd2 40.
Rxd2 Re3 41. Rd3 Rxd3 42. cxd3 Ke5 43. Kc3 Ba6 44. b4 f6 45. b5 Bb7 46. b6 Kd6
47. Kb4 Ba6 48. Nb5+ Kc6 49. Ka5 Bb7 50. d4 g5 51. Nc7 Kd7 52. Kb5 gxh4 53.
gxh4 f5 54. Na6 Bc6+ 55. Kc5 Bb7 56. Nb8+ Kc8 57. Nc6 Bxc6 58. Kxc6 f4 59. Kxd5
f3 0-1

[Event "FIDE World Senior Team Championship 2020"]
[Site "Olympik hotel, Sokolovska 138, Prague"]
[Date "2020.03.08"]
[Round "3.9.1"]
[White "Burchardt, Brigitte"]
[Black "Vogt, Lothar"]
[Result "0-1"]
[WhiteElo "2075"]
[BlackElo "2352"]
[PlyCount "104"]
[WhiteTeam "GERW"]
[BlackTeam "GER6"]
[EventDate "2020.03.06"]

1. e4 c5 2. Nf3 e6 3. d4 cxd4 4. Nxd4 Nf6 5. Bd3 d6 6. O-O Be7 7. b3 a6 8. c4
Nbd7 9. Nc3 Qc7 10. Bb2 b6 11. Rc1 Bb7 12. Qe2 O-O 13. Bb1 Rfe8 14. Rfe1 Bf8
15. h3 g6 16. Qd2 Rad8 17. Nf3 Qb8 18. Qe3 Ba8 19. Qe2 Ne5 20. Rcd1 Nh5 21. Qe3
Nxf3+ 22. Qxf3 b5 23. cxb5 axb5 24. Ne2 Bg7 25. Bxg7 Kxg7 26. Nd4 Qb6 27. b4
Rc8 28. a3 Rc4 29. Qe3 Rb8 30. Ba2 Rcc8 31. e5 Qb7 32. f3 dxe5 33. Qxe5+ Nf6
34. g4 h6 35. g5 hxg5 36. Qxg5 Re8 37. Bxe6 Qb6 38. Kh2 fxe6 39. Rg1 Qc7+ 40.
Rg3 Qf7 41. Rdg1 Rg8 42. Qe5 Bd5 43. Rg4 Rbf8 44. Nxb5 Kh7 45. Rf4 g5 46. Rxg5
Rxg5 47. Qxg5 Qg6 48. Qh4+ Kg7 49. Qf2 e5 50. Rh4 Rc8 51. Qa7+ Kg8 52. Nc3 Bxf3
0-1

[Event "FIDE World Senior Team Championship 2020"]
[Site "Olympik hotel, Sokolovska 138, Prague"]
[Date "2020.03.08"]
[Round "3.9.2"]
[White "Sandmeier, Toni"]
[Black "Wagner-Michel, Annett"]
[Result "1-0"]
[WhiteElo "2190"]
[BlackElo "2025"]
[PlyCount "81"]
[WhiteTeam "GER6"]
[BlackTeam "GERW"]
[EventDate "2020.03.06"]

1. c4 e5 2. g3 Nf6 3. Bg2 d5 4. cxd5 Nxd5 5. Nf3 Nc6 6. O-O Be7 7. Nc3 Nb6 8.
d3 O-O 9. a3 Be6 10. b4 f6 11. Ne4 a5 12. b5 Nd4 13. Nxd4 exd4 14. Qc2 Re8 15.
Bb2 Qd7 16. Rfc1 Rad8 17. a4 f5 18. Nc5 Bxc5 19. Qxc5 Bd5 20. Bf1 Bb3 21. Ra3
Bxa4 22. Rxa4 Nxa4 23. Qc4+ Kh8 24. Qxa4 Re5 25. Qxa5 Rxb5 26. Qa1 c5 27. e3 b6
28. exd4 Ra5 29. Qb1 cxd4 30. Rc4 Ra4 31. Qc2 b5 32. Rc7 Qe6 33. Qc5 Qb3 34.
Qe5 Qg8 35. Qxb5 Ra2 36. Qb6 Rb8 37. Rb7 Rxb7 38. Qxb7 Ra4 39. Qd7 Ra6 40. Bxd4
f4 41. Bxg7+ 1-0

[Event "FIDE World Senior Team Championship 2020"]
[Site "Olympik hotel, Sokolovska 138, Prague"]
[Date "2020.03.08"]
[Round "3.9.3"]
[White "Kierzek, Mira"]
[Black "Dekan, Hans"]
[Result "1-0"]
[WhiteElo "1983"]
[BlackElo "2099"]
[PlyCount "125"]
[WhiteTeam "GERW"]
[BlackTeam "GER6"]
[EventDate "2020.03.06"]

1. d4 d5 2. c4 c6 3. Nf3 Bf5 4. Nc3 e6 5. e3 Nf6 6. Nh4 Bg4 7. Qb3 Qb6 8. h3
Bh5 9. Qxb6 axb6 10. cxd5 exd5 11. g4 Bg6 12. Nxg6 hxg6 13. Bg2 Na6 14. O-O Bd6
15. f3 O-O 16. e4 Bb4 17. a3 Nc7 18. Bd2 Bxc3 19. Bxc3 Nb5 20. Bb4 Rfe8 21. e5
Nd7 22. Rfd1 f6 23. f4 g5 24. a4 Na7 25. exf6 Nxf6 26. fxg5 Ne4 27. h4 Nc8 28.
b3 Ne7 29. Rf1 c5 30. dxc5 Nc6 31. Ba3 bxc5 32. Rf5 Rad8 33. Rd1 Nd4 34. Bxe4
Rxe4 35. Rf2 Rxg4+ 36. Kh2 Nxb3 37. Rd3 c4 38. Rdf3 Rxh4+ 39. Kg3 Rh1 40. Kg2
Rh5 41. Be7 Rd6 42. Bxd6 Rxg5+ 43. Rg3 Rxg3+ 44. Kxg3 d4 45. Bb4 c3 46. Rf8+
Kh7 47. Rc8 b6 48. Bxc3 dxc3 49. Rxc3 Nc5 50. Rc4 Nd7 51. Kf4 Kh6 52. Rd4 Nc5
53. Kg4 g6 54. Rc4 Nd7 55. Rc3 Nf6+ 56. Kf3 Kh5 57. Rc6 Nd7 58. Rd6 Nc5 59. a5
g5 60. axb6 g4+ 61. Kg2 Kh4 62. Rh6+ Kg5 63. Rh7 1-0

[Event "FIDE World Senior Team Championship 2020"]
[Site "Olympik hotel, Sokolovska 138, Prague"]
[Date "2020.03.08"]
[Round "3.9.4"]
[White "Staub, Gerhard"]
[Black "Kube, Hannelore"]
[Result "1-0"]
[WhiteElo "1986"]
[BlackElo "1919"]
[PlyCount "87"]
[WhiteTeam "GER6"]
[BlackTeam "GERW"]
[EventDate "2020.03.06"]

1. e4 e5 2. Nf3 Nc6 3. Bb5 a6 4. Ba4 Nf6 5. Bxc6 dxc6 6. d3 Bg4 7. h3 Bxf3 8.
Qxf3 Nd7 9. Nd2 Qf6 10. Qxf6 Nxf6 11. Nc4 Bd6 12. f4 Nd7 13. f5 Be7 14. Be3
O-O-O 15. O-O-O f6 16. g4 Bc5 17. Bxc5 Nxc5 18. h4 h6 19. Rdg1 b6 20. Rh2 Nd7
21. Rhg2 Rdf8 22. g5 hxg5 23. hxg5 Kd8 24. c3 c5 25. Ne3 c6 26. a4 b5 27. axb5
axb5 28. Kc2 Kc7 29. Ra1 Rf7 30. b4 Kb7 31. gxf6 gxf6 32. Rag1 Rh3 33. Rg7 Rh7
34. Rxh7 Rxh7 35. Rg6 Rh2+ 36. Kc1 Rh3 37. Kd2 cxb4 38. cxb4 Rh7 39. Ng4 Rf7
40. Kc3 Kb6 41. d4 Rh7 42. dxe5 fxe5 43. Re6 Rh3+ 44. Kc2 1-0

[Event "FIDE World Senior Team Championship 2020"]
[Site "Olympik hotel, Sokolovska 138, Prague"]
[Date "2020.03.08"]
[Round "3.10.1"]
[White "Babula, Milan"]
[Black "Rooze, Jan"]
[Result "1/2-1/2"]
[WhiteElo "2144"]
[BlackElo "2245"]
[PlyCount "104"]
[WhiteTeam "CZE6"]
[BlackTeam "BEL"]
[EventDate "2020.03.06"]

1. e4 d6 2. d4 Nf6 3. Nd2 g6 4. Bc4 Bg7 5. Ngf3 O-O 6. O-O c6 7. c3 a5 8. a4
Na6 9. Re1 Nc7 10. Bb3 d5 11. exd5 Ncxd5 12. Ne5 Nd7 13. Bxd5 cxd5 14. Ndf3
Nxe5 15. Nxe5 Ra6 16. Bf4 Re6 17. Qb3 Re8 18. Qb5 g5 19. Bg3 Rb6 20. Qxa5 Rxb2
21. Qxd8 Rxd8 22. h4 h6 23. hxg5 hxg5 24. Nd3 Rb3 25. Rac1 Kf8 26. Bc7 Re8 27.
Nc5 Ra3 28. a5 Bf6 29. Re3 Kg7 30. Rg3 g4 31. Re1 Bh4 32. Rge3 Bg5 33. f4 Bf6
34. Kf2 Rh8 35. Be5 Rxa5 36. Bxf6+ exf6 37. Re8 Rxe8 38. Rxe8 Bf5 39. Nxb7 Ra2+
40. Re2 g3+ 41. Ke3 Ra3 42. Nd6 Rxc3+ 43. Kd2 Rc2+ 44. Kd1 Rxe2 45. Nxf5+ Kg6
46. Kxe2 Kxf5 47. Kf3 Kg6 48. Kg4 f5+ 49. Kxg3 Kh5 50. Kh3 f6 51. g3 Kh6 52.
Kh4 Kg6 1/2-1/2

[Event "FIDE World Senior Team Championship 2020"]
[Site "Olympik hotel, Sokolovska 138, Prague"]
[Date "2020.03.08"]
[Round "3.10.2"]
[White "Goormachtigh, Johan"]
[Black "Pacl, Vaclav"]
[Result "1/2-1/2"]
[WhiteElo "2181"]
[BlackElo "2006"]
[PlyCount "36"]
[WhiteTeam "BEL"]
[BlackTeam "CZE6"]
[EventDate "2020.03.06"]

1. d4 e6 2. c4 f5 3. Nf3 Nf6 4. g3 Be7 5. Bg2 O-O 6. O-O d6 7. Nc3 a5 8. b3 Qe8
9. Bb2 c6 10. Re1 d5 11. e3 Nbd7 12. Ne2 a4 13. c5 a3 14. Bc3 Ne4 15. Rc1 Nxc3
16. Nxc3 Bf6 17. Na4 e5 18. dxe5 Nxe5 1/2-1/2

[Event "FIDE World Senior Team Championship 2020"]
[Site "Olympik hotel, Sokolovska 138, Prague"]
[Date "2020.03.08"]
[Round "3.10.3"]
[White "Vavruska, Antonin"]
[Black "Van Herck, Marcel"]
[Result "1/2-1/2"]
[WhiteElo "1971"]
[BlackElo "2056"]
[PlyCount "137"]
[WhiteTeam "CZE6"]
[BlackTeam "BEL"]
[EventDate "2020.03.06"]

1. e4 c6 2. d4 d5 3. f3 dxe4 4. fxe4 e5 5. Nf3 Bg4 6. Bc4 Nd7 7. c3 Bh5 8. Be3
Ngf6 9. Nbd2 Bd6 10. Qe2 Qc7 11. Bb3 O-O 12. h3 Bg6 13. Bf2 exd4 14. Nxd4 Nxe4
15. Nxe4 Bxe4 16. O-O Bg6 17. Rad1 Nc5 18. Qg4 Nxb3 19. axb3 Rfe8 20. Rfe1 a6
21. Bh4 Be7 22. Bf2 Rad8 23. b4 Bf6 24. Bg3 Qc8 25. Qf3 Rxe1+ 26. Bxe1 Qd7 27.
Bf2 Qd5 28. Qe3 Bg5 29. Qg3 h6 30. Re1 Qd7 31. Qe5 Bf6 32. Qg3 Re8 33. Rd1 Be4
34. Rd2 Bd5 35. Nf3 Qe7 36. Nd4 Be5 37. Qh4 Qxh4 38. Bxh4 Bf4 39. Rd1 g5 40.
Bf2 Kg7 41. g3 Bc7 42. Nf5+ Kg6 43. Ne3 Be6 44. g4 Rd8 45. Rxd8 Bxd8 46. Nc2 f5
47. Nd4 Kf6 48. gxf5 Bxf5 49. h4 Ke5 50. hxg5 hxg5 51. Nb3 Bc8 52. Nc5 Kf4 53.
Kg2 Bf6 54. Nd3+ Ke4 55. Nc5+ Kd5 56. Kf3 g4+ 57. Ke3 Bg5+ 58. Ke2 Bf4 59. b3
g3 60. c4+ Ke5 61. Nd3+ Kf5 62. Nxf4 Kxf4 63. Be1 Bg4+ 64. Kf1 Kf3 65. c5 Bh3+
66. Kg1 Be6 67. Bc3 Bxb3 68. Be5 a5 69. bxa5 1/2-1/2

[Event "FIDE World Senior Team Championship 2020"]
[Site "Olympik hotel, Sokolovska 138, Prague"]
[Date "2020.03.08"]
[Round "3.11.1"]
[White "Lahti, Jouko"]
[Black "Waschk, Armin"]
[Result "0-1"]
[WhiteElo "1953"]
[BlackElo "2165"]
[PlyCount "114"]
[WhiteTeam "FIN2"]
[BlackTeam "GER8"]
[EventDate "2020.03.06"]

1. d4 Nf6 2. Nf3 d5 3. c4 Bf5 4. Nc3 c6 5. e3 e6 6. Bd3 Bg4 7. cxd5 exd5 8. O-O
Be7 9. Re1 O-O 10. Be2 Nbd7 11. Nh4 Bxe2 12. Qxe2 Ne4 13. Nf5 Ndf6 14. f3 Nxc3
15. bxc3 Re8 16. Qd3 g6 17. Ng3 Bd6 18. Nf1 Qe7 19. Bd2 Qe6 20. Re2 Nh5 21.
Rae1 f5 22. g3 Nf6 23. Kg2 Re7 24. Bc1 Rae8 25. Kg1 g5 26. Nd2 g4 27. f4 b5 28.
Nf1 h5 29. Rf2 Rh7 30. Nd2 Kg7 31. Rg2 Kg6 32. Kf1 h4 33. Ke2 Qc8 34. Kd1 Qa6
35. Nf1 Ne4 36. Qc2 Qb6 37. Nd2 Nf6 38. Rge2 hxg3 39. hxg3 Rh3 40. Rg1 Qc7 41.
Nf1 Ne4 42. Qd3 Qa5 43. Rc2 Qa4 44. Ke1 Reh8 45. Rcg2 Nxc3 46. Qc2 Qc4 47. Qb3
Ne4 48. Qxc4 dxc4 49. Nd2 Nc3 50. a3 Re8 51. Nxc4 bxc4 52. Rc2 Ne4 53. Rxc4 Rc8
54. d5 c5 55. Ke2 Nxg3+ 56. Kd3 Ne4 57. Bb2 Rh2 0-1

[Event "FIDE World Senior Team Championship 2020"]
[Site "Olympik hotel, Sokolovska 138, Prague"]
[Date "2020.03.08"]
[Round "3.11.2"]
[White "Luethke, Hans-Eckart"]
[Black "Ranki, Martti"]
[Result "1-0"]
[WhiteElo "2091"]
[BlackElo "1914"]
[PlyCount "103"]
[WhiteTeam "GER8"]
[BlackTeam "FIN2"]
[EventDate "2020.03.06"]

1. e4 e5 2. Nf3 Nc6 3. d4 exd4 4. Nxd4 Nxd4 5. Qxd4 d6 6. Nc3 Nf6 7. Bg5 Be7 8.
O-O-O O-O 9. e5 Ng4 10. Bxe7 Qxe7 11. exd6 Qxd6 12. Qxd6 cxd6 13. Rd2 Rd8 14.
h3 Nf6 15. Be2 a6 16. Rhd1 Kf8 17. Rxd6 Rxd6 18. Rxd6 Ke7 19. Rd2 Be6 20. Bf3
Rb8 21. b3 b5 22. a3 Rc8 23. Kb2 Rb8 24. Ne2 Rd8 25. Rxd8 Kxd8 26. Bb7 Bc8 27.
Bxc8 Kxc8 28. c3 Kc7 29. Kc2 Kd6 30. Kd3 Nd7 31. Nd4 g6 32. Nf3 Nc5+ 33. Kc2
Ne4 34. Kd3 Nc5+ 35. Kc2 Ne4 36. Nd2 Nxf2 37. c4 f5 38. Kc3 Kc6 39. Kd4 Kd6 40.
c5+ Kc6 41. b4 h6 42. Nf3 g5 43. Ne5+ Kc7 44. Nf7 g4 45. h4 h5 46. Ke5 Ne4 47.
Nd6 Nd2 48. Kxf5 Nb1 49. Kg5 Nxa3 50. Kxh5 a5 51. Nxb5+ Nxb5 52. bxa5 1-0

[Event "FIDE World Senior Team Championship 2020"]
[Site "Olympik hotel, Sokolovska 138, Prague"]
[Date "2020.03.08"]
[Round "3.11.4"]
[White "Pamperin, Gerhard"]
[Black "Kauko, Pekka"]
[Result "1/2-1/2"]
[WhiteElo "1944"]
[BlackElo "1868"]
[PlyCount "159"]
[WhiteTeam "GER8"]
[BlackTeam "FIN2"]
[EventDate "2020.03.06"]

1. d4 Nf6 2. c4 e6 3. Nf3 d5 4. e3 a6 5. Nc3 Nc6 6. a3 Bd6 7. b4 O-O 8. Bb2 Re8
9. Be2 dxc4 10. Bxc4 e5 11. dxe5 Nxe5 12. Be2 Qe7 13. Nd5 Nxd5 14. Qxd5 c6 15.
Qd4 Nxf3+ 16. Bxf3 Be5 17. Qxe5 Qxe5 18. Bxe5 Rxe5 19. Ke2 a5 20. Rhd1 Be6 21.
Kd3 g6 22. Kc3 Kg7 23. Be2 Bd5 24. g3 b5 25. Rd4 axb4+ 26. Rxb4 Rae8 27. a4 Rf5
28. Rf4 Rxf4 29. gxf4 bxa4 30. Rxa4 Rb8 31. Rb4 Ra8 32. Bd3 Ra5 33. e4 c5 34.
Rb2 Ra3+ 35. Kc2 c4 36. exd5 Rxd3 37. Rb4 Rxd5 38. Rxc4 Rh5 39. Kd2 Rxh2 40.
Ke2 Kf6 41. Kf3 h5 42. Rc6+ Kg7 43. Kg3 Rh1 44. Kg2 Re1 45. Rd6 Rc1 46. Rb6 Rc3
47. Rd6 Rc5 48. Kg3 Rf5 49. Rd4 Kh6 50. f3 f6 51. Rc4 g5 52. fxg5+ Kxg5 53. Rc8
h4+ 54. Kf2 Rb5 55. Kg2 Rb2+ 56. Kh3 Rf2 57. Rc3 f5 58. Rd3 Kf4 59. Rd4+ Ke3
60. Rxh4 Kxf3 61. Rh8 f4 62. Rf8 Rf1 63. Kh2 Re1 64. Rf7 Re4 65. Kg1 Re1+ 66.
Kh2 Re5 67. Kg1 Re1+ 68. Kh2 Re4 69. Kg1 Re5 70. Kf1 Rh5 71. Kg1 Rd5 72. Kh2
Rg5 73. Rf8 Ke3 74. Rf7 f3 75. Re7+ Kf2 76. Rh7 Kf1 77. Rf7 f2 78. Rf8 Rh5+ 79.
Kg3 Kg1 80. Rxf2 1/2-1/2

[Event "FIDE World Senior Team Championship 2020"]
[Site "Olympik hotel, Sokolovska 138, Prague"]
[Date "2020.03.08"]
[Round "3.12.1"]
[White "James, Kevin"]
[Black "Watzka, Horst"]
[Result "1/2-1/2"]
[WhiteElo "1924"]
[BlackElo "2166"]
[PlyCount "30"]
[WhiteTeam "IRL"]
[BlackTeam "AUT2"]
[EventDate "2020.03.06"]

1. d4 Nf6 2. c4 e6 3. Nc3 Bb4 4. f3 d5 5. a3 Bxc3+ 6. bxc3 c5 7. cxd5 Nxd5 8.
dxc5 Qa5 9. e4 Nf6 10. Be3 O-O 11. Qb3 Na6 12. Nh3 Bd7 13. Bxa6 Qxa6 14. Kf2 e5
15. Ng1 Ba4 1/2-1/2

[Event "FIDE World Senior Team Championship 2020"]
[Site "Olympik hotel, Sokolovska 138, Prague"]
[Date "2020.03.08"]
[Round "3.12.2"]
[White "Kratschmer, Heinz"]
[Black "Gibson, John F."]
[Result "1-0"]
[WhiteElo "2037"]
[BlackElo "1830"]
[PlyCount "75"]
[WhiteTeam "AUT2"]
[BlackTeam "IRL"]
[EventDate "2020.03.06"]

1. d4 g6 2. e4 Bg7 3. Nf3 d6 4. Be2 Nf6 5. Nc3 a6 6. O-O O-O 7. Re1 Nc6 8. Bg5
h6 9. Bf4 Nd7 10. Qd2 Kh7 11. d5 Nce5 12. Nd4 c5 13. dxc6 bxc6 14. Be3 c5 15.
Nf3 Ng4 16. Bf4 Bb7 17. h3 Nge5 18. Rad1 Nxf3+ 19. Bxf3 Ne5 20. Be2 Nc6 21. Bc4
Nd4 22. Nd5 Ne6 23. Be3 a5 24. c3 Ba6 25. Qe2 Bxc4 26. Qxc4 Ra7 27. Re2 Qc8 28.
Red2 f5 29. exf5 Rxf5 30. g4 Rf3 31. Qe4 Qf8 32. Qxe6 Be5 33. Kg2 Rxh3 34. Nf4
Rxe3 35. Qxg6+ Kh8 36. fxe3 Bxf4 37. exf4 Qxf4 38. Rf2 1-0

[Event "FIDE World Senior Team Championship 2020"]
[Site "Olympik hotel, Sokolovska 138, Prague"]
[Date "2020.03.08"]
[Round "3.12.3"]
[White "Lynch, Peter J."]
[Black "Pitzl, Konstantinos"]
[Result "0-1"]
[WhiteElo "1645"]
[BlackElo "2023"]
[PlyCount "58"]
[WhiteTeam "IRL"]
[BlackTeam "AUT2"]
[EventDate "2020.03.06"]

1. e4 d6 2. d4 Nf6 3. Nc3 g6 4. Be2 Bg7 5. Be3 O-O 6. f4 Na6 7. e5 Nd7 8. Nf3
c5 9. O-O cxd4 10. Bxd4 dxe5 11. fxe5 Nb6 12. Qd2 Be6 13. b3 Nb4 14. Nb5 Nc6
15. Qe3 Nd5 16. Qf2 a6 17. c4 Nf4 18. Nc3 Nxd4 19. Nxd4 Bxe5 20. Rad1 Qc7 21.
Kh1 Rad8 22. Bf3 b5 23. Ncxb5 axb5 24. Nxb5 Qb8 25. g3 Nd3 26. Qe2 Nc5 27. Bg2
Bf6 28. Qf3 h5 29. a4 Bg4 0-1

[Event "FIDE World Senior Team Championship 2020"]
[Site "Olympik hotel, Sokolovska 138,"]
[Date "2020.03.08"]
[Round "3.13"]
[White "Herzog, Adolf"]
[Black "Gurtovoi, Borys"]
[Result "1-0"]
[WhiteElo "2312"]
[BlackElo "1704"]
[PlyCount "38"]
[EventDate "2020.03.06"]
[WhiteTeam "AUT1"]
[BlackTeam "UKR"]

1. c4 Nf6 2. Nc3 c6 3. e4 d6 4. d4 Qc7 5. f4 e5 6. Nf3 Bg4 7. Be2 Nbd7 8. Be3
Be7 9. O-O O-O 10. Rc1 a6 11. Kh1 Rad8 12. Nh4 Bxe2 13. Qxe2 Rfe8 14. Nf5 Bf8
15. fxe5 dxe5 16. d5 c5 17. Bg5 Kh8 18. Rcd1 Bd6 19. Nh6 Rf8 1-0

[Event "FIDE World Senior Team Championship 2020"]
[Site "Olympik hotel, Sokolovska 138,"]
[Date "2020.03.08"]
[Round "3.13"]
[White "Dovzhenko, Viktor"]
[Black "Singer, Hans"]
[Result "1-0"]
[WhiteElo "2069"]
[BlackElo "2168"]
[PlyCount "87"]
[EventDate "2020.03.06"]
[WhiteTeam "UKR"]
[BlackTeam "AUT1"]

1. d4 Nf6 2. Bf4 e6 3. e3 b6 4. Nd2 Bb7 5. Ngf3 Be7 6. h3 O-O 7. Bd3 d5 8. O-O
Nbd7 9. c4 c5 10. cxd5 Nxd5 11. Bg3 cxd4 12. exd4 Nb4 13. Be2 Nf6 14. a3 Nc6
15. Rc1 Qd7 16. Bb5 Qd5 17. Bc4 Qf5 18. Qc2 Qh5 19. Rfe1 Rac8 20. Qd3 Rfd8 21.
Ba6 Bxa6 22. Qxa6 Qd5 23. Ne5 Bd6 24. Ndf3 Bxe5 25. Nxe5 Ne7 26. Qxa7 Rxc1 27.
Rxc1 Nd7 28. Rc7 Nxe5 29. dxe5 Nc8 30. Qb7 Qxb7 31. Rxb7 g5 32. f4 Rd1+ 33. Kh2
Kf8 34. fxg5 Rd2 35. Rb8 Rc2 36. Be1 Kg7 37. Bb4 Kg6 38. h4 Kf5 39. Kh3 Rc6 40.
Bc3 Rc7 41. Kg3 Ne7 42. Kf3 Nd5 43. g4+ Kg6 44. Rg8# 1-0

[Event "FIDE World Senior Team Championship 2020"]
[Site "Olympik hotel, Sokolovska 138,"]
[Date "2020.03.08"]
[Round "3.13"]
[White "Ager, Josef"]
[Black "Chubar, Vladimir"]
[Result "1-0"]
[WhiteElo "2139"]
[BlackElo "1991"]
[PlyCount "70"]
[EventDate "2020.03.06"]
[WhiteTeam "AUT1"]
[BlackTeam "UKR"]

1. c4 Nf6 2. g3 e6 3. Bg2 d5 4. Nf3 c6 5. Qc2 Bd6 6. d4 Ne4 7. O-O O-O 8. Nfd2
f5 9. b3 Qe7 10. Bb2 Bd7 11. Nc3 Nxc3 12. Bxc3 f4 13. e4 fxe3 14. fxe3 Na6 15.
Nf3 Be8 16. e4 Nb4 17. Bxb4 Bxb4 18. Ne5 Rxf1+ 19. Rxf1 Bd6 20. exd5 Bxe5 21.
dxe5 Bg6 22. Qf2 exd5 23. cxd5 Qxe5 24. dxc6 bxc6 25. Bxc6 Rd8 26. Qxa7 h6 27.
Qf2 Qc3 28. Bf3 Rd2 29. Qb6 Kh7 30. Rf2 Rd3 31. Kg2 Rxf3 32. Rxf3 Be4 33. Qf2
h5 34. Qe2 Qd4 35. h4 g5 {unreadable (60)} 1-0

[Event "FIDE World Senior Team Championship 2020"]
[Site "Olympik hotel, Sokolovska 138,"]
[Date "2020.03.08"]
[Round "3.13"]
[White "Karnaukh, Anatolij"]
[Black "Danner, Lambert"]
[Result "1/2-1/2"]
[WhiteElo "2087"]
[BlackElo "2022"]
[PlyCount "120"]
[EventDate "2020.03.06"]
[WhiteTeam "UKR"]
[BlackTeam "AUT1"]

1. Nf3 c5 2. b3 Nc6 3. Bb2 e6 4. e3 Nf6 5. Be2 Be7 6. O-O O-O 7. d4 b6 8. c4
cxd4 9. exd4 d5 10. Nbd2 Bb7 11. Rc1 Rc8 12. a3 dxc4 13. bxc4 Bd6 14. Re1 Qe7
15. Qb3 Na5 16. Qa2 Rfd8 17. Bf1 Qd7 18. Rcd1 Qa4 19. d5 Ne8 20. dxe6 fxe6 21.
Nd4 Bf4 22. Bd3 e5 23. Bc2 Qd7 24. Bf5 Qc7 25. Bxc8 Qxc8 26. N4f3 e4 27. Be5
Bh6 28. Nh4 Qg4 29. Bg3 g5 30. f3 Qe6 31. Nxe4 Rxd1 32. Rxd1 gxh4 33. Bxh4 Bxe4
34. fxe4 Be3+ 35. Bf2 Qxc4 36. Qxc4+ Nxc4 37. Bxe3 Nxe3 38. Rd8 Kf8 39. Rc8 b5
40. Ra8 Nc4 41. Rxa7 Nf6 42. a4 bxa4 43. Rxa4 Ne5 44. h3 h5 45. Kf2 Kf7 46. g3
Nfd7 47. Ke3 Ng6 48. Ra7 Ke6 49. Kd4 h4 50. Ra6+ Kf7 51. gxh4 Nxh4 52. Rh6 Nf3+
53. Ke3 Nfe5 54. Ra6 Ng6 55. Kd4 Nde5 56. Kd5 Nf3 57. Ra1 Nf4+ 58. Kd6 Nxh3 59.
Rf1 Nhg5 60. e5 Ke8 1/2-1/2

[Event "FIDE World Senior Team Championship 2020"]
[Site "Olympik hotel, Sokolovska 138,"]
[Date "2020.03.08"]
[Round "3.14"]
[White "Sejkora, Vlastimil"]
[Black "Boehnisch, Manfred"]
[Result "1-0"]
[WhiteElo "2149"]
[BlackElo "2246"]
[PlyCount "65"]
[EventDate "2020.03.06"]
[WhiteTeam "CZE3"]
[BlackTeam "GER7"]

1. e4 c6 2. d3 d5 3. Nd2 g6 4. g3 Bg7 5. Bg2 e5 6. Ne2 Ne7 7. O-O O-O 8. a4 a5
9. Nb3 Na6 10. Bg5 f6 11. Bd2 b6 12. exd5 Nxd5 13. Nc3 Be6 14. d4 f5 15. dxe5
Bxe5 16. Qe2 Qf6 17. Rfe1 Bxc3 18. Bxc3 Nxc3 19. Qxe6+ Qxe6 20. Rxe6 Ne4 21.
Rxc6 Rab8 22. c3 Nac5 23. Nd4 Nd3 24. f3 Nec5 25. b3 Rfc8 26. Bf1 Rxc6 27. Nxc6
Re8 28. b4 axb4 29. cxb4 Nb3 30. Rd1 Ndc1 31. a5 bxa5 32. bxa5 Kg7 33. a6 1-0